Italian Brainrot - Sudden Death - Statistics

General Stats
  • This quiz has been taken 98 times
  • The average score is 9 of 13
Answers on the Grid
Answers color-coded by a green-red scale on the quiz's grid according to % correct below.
Tralalero Tralala
Bombardiro Crocodilo
Trippi Troppi
Brr Brr Patapim
Chimpanzini Bananini
Ballerina Capuccinna
Bombombini Gusini
Cappuccino Assassino
Bobrito Bandito
Lirili Larila
Boneca Ambalabu
Noobini Pizzanini
Chef Crabracadabra
Presidentini Trumpini
Golfanini Rhinocerini
Sharkanini Shoesanini
Tungini Sahurini
Capybarrello Chrismacleanini
Diddini Babyoilini
Meowini Computerini
 
Answer Stats
Answer % Correct
Ballerina Capuccinna
90%
Bombardiro Crocodilo
88%
Tralalero Tralala
88%
Cappuccino Assassino
84%
Chimpanzini Bananini
84%
Trippi Troppi
84%
Brr Brr Patapim
78%
Lirili Larila
75%
Bombombini Gusini
60%
Bobrito Bandito
48%
Boneca Ambalabu
45%
Noobini Pizzanini
33%
Chef Crabracadabra
29%
No matching quizzes found
Score Distribution
Percent of People with Each Score
Percentile by Number Answered
Your Score History
You have not taken this quiz